| 000 | 00734nam a2200205 a 4500 | ||
|---|---|---|---|
| 001 | 000041623 | ||
| 005 | 20201002035655.0 | ||
| 008 | 131014s2006 sp 001 0 spa d | ||
| 020 | _a8481641944 | ||
| 040 |
_aDO-SdBNP _bspa _cBNPHU |
||
| 245 | 0 | 0 |
_aFilosofía de la cultura / : _bedición de David Sobrevilla. |
| 260 |
_aMadrid : _bConsejo Superior de Investigaciones Científicas, _c2006. |
||
| 300 |
_a278 p. ; _c24 cm. |
||
| 490 | 1 |
_aEnciclopedia Iberoaméricana de Filosofía _v15 |
|
| 500 | _aprimera reimpresión | ||
| 500 | _aIncluye índice | ||
| 700 | 1 |
_aSobrevilla, David _eed. _968405 |
|
| 710 | 2 |
_aConsejo Superior de Investigaciones Científicas _94786 |
|
| 830 | 0 |
_aEnciclopedia Iberoaméricana de Filosofía _v15 _915735 |
|
| 999 |
_c41113 _d41113 |
||